000 03547nam a2200229Ia 4500
003 OSt
005 20210719183558.0
008 210310s1993 ck gr 000 0 spa d
040 _aCO-JMCR
_cCO-JMCR
041 0 _aspa
082 0 4 _a333.72 /
_bC764c
_223
110 2 _aContraloría de Santafé de Bogotá
_938577
245 1 0 _aContraloría y medio ambiente /
_cContraloría de Santafé de Bogotá
260 _aBogotá :
_bContraloría de Santafé de Bogotá,
_c1993
300 _a240 páginas ;
_c24 cm.
490 0 _aColección documentos
505 0 _tDiscurso del señor Contralor General de la Nación /
_rDr. Francisco Becerra Barney
_tPalabras del señor contralor de Santafé de Bogotá /
_rDr. Carlos Ariel Sánchez Torres
_tDiscurso de la doctora Alegría Fonseca /
_rDra. Alegría Fonseca
_tLa contraloría ambiental una nueva función del Estado /
_rDra. Elizabeth Grijalba de Rodado
_tAcciones y competencias para la defensa del ambiente en Colombia /
_rDr. Pedro Pablo Morcillo
_tLa legislación ambiental de Colombia. Operación y aplicabilidad resumen ejecutivo /
_rPedro Pablo Morcillo
_tPonencia para la creación del Ministerio del Medio Ambiente -Senado de la República comisión quinta /
_rPonente: Luis Guillermo Sorzano, Claudia Blum de Barberi, Jairo Calderón S., Gabriel Mujay Jacanamejoy
_tPalabras de la senadora Claudia Blum en el Foro de Contralores /
_rDra. Claudia Blum de Barberi
_tFunción constitucional de las contralorías frente al medio ambiente /
_rContraloria General de la República
_tEl medio ambiente según la nueva constitución y su control fiscal a través de las Contralorías /
_rLuis Carlos Beltrán Pardo
520 3 _aCorresponde también a la idea de democracia participativa, la posibilidad de que todos los ciudadanos tengan acceso a los documentos que hacen parte del debate nacional, y que tales documentos sean producidos por equipos de especialistas en la materia respectiva. El acceso de un amplio público a estudios y análisis sistemáticos y objetivos es condición indispensable para que la discusión política no sea simplemente "ideológica". Muchos colombianos ahora tienen un criterio moderno e independiente y tienen capacidad de juicio sobre temas nacionales. La Contraloría de Santafé de Bogotá quiere participar en ese esfuerzo de modernización y comunicación, desarrollando un programa de publicaciones que proyecta, en un principio, la edición de libros sobre temas de interés ciudadano. Iniciamos la colección con este volumen que recoge documentos concernientes a la discusión sobre el Medio Ambiente y la importancia capital de este tema para las próximas generaciones. Hace parte de esta edición el texto completo del proyecto de ley que sienta las bases para la creación en Colombia de un Ministerio del Medio Ambiente. Te mas de actualidad mundial como la contaminación ambiental, la tala de bosques, el destino de los residuos industriales y las basuras domésticas son tratados aquí en su seriedad y su urgencia. En próximos volúmenes se publicarán también recopilaciones de documentos concernientes a otros asuntos de importancia nacionales como el proyecto del Guavio o el programa Ciudad Bolívar. Las publicaciones de la Contraloría definen un nuevo programa, participando del esfuerzo conjunto por crear una sociedad moderna de debate y derecho ciudadano
650 1 4 _aPolítica ambiental
_915931
_zBogotá (Colombia)
650 2 4 _aConservación de los recursos naturales
_zBogotá (Colombia)
_938578
942 _2ddc
_cBK
999 _c7959
_d7959